000 00451nam a2200181Ia 4500
003 LK-CoDNM
008 010623t1997 xxu||||| |||| 00| 1 sin d
040 _aLK-CoDNM
_dLK-CoDNM
_eLK-CoDNM
041 _asin
080 _a796
_bWIJ
100 _aWijenayaka, W.M.Athula
245 _aවොලිබෝල්
246 _aVollyball
260 _bMalpiyali prakashakayo
_aDankotuwa
_c1997
300 _b70, 22 cm
650 _aSports
942 _cBK
999 _c118464
_d118464